| 000 | 004790000a22001930004500 | ||
|---|---|---|---|
| 001 | 002321 | ||
| 003 | MACL | ||
| 005 | 20150916101715.0 | ||
| 008 | 150916b xxu||||| |||| 00| 0 eng d | ||
| 040 |
_aMACL _cMACL |
||
| 041 | _aEnglish | ||
| 082 | _a823/SIN | ||
| 100 |
_aGokhle, Balkrishna _911355 |
||
| 245 |
_aJungetanram _cBalkrishna Gokhle |
||
| 260 |
_aNew Delhi _c2004 _bConfluence International, |
||
| 350 | _a150 | ||
| 650 |
_aLiterature _911356 |
||
| 942 |
_k823 _cBK _2ddc |
||
| 999 |
_c14233 _d14233 |
||